Statistics for NBA Random Questions #1

Click here to take the quiz!

General Stats

  • This quiz has been taken 53 times
  • The average score is 12 of 15

Answer Stats

QuestionAnswer% Correct
Which team's owner is Michael Jordan?Charlotte Hornets
96%
Which of these is New York Knicks's stadium?Madison Square Garden
96%
Which of these cities has 2 NBA teams?Los Angeles
96%
Which team's slogan is #Trust The Process ?Philadelphia 76ers
91%
Which of these Celebrities is a big fan of Toronto Raptors?Drake
91%
How many points did Kobe Bryant scored in his last game?60
91%
Which player's nickname is ''The Klaw''?Kawhi Leonard
91%
What did Kyrie Irving has said ?The Earth is flat
89%
Who was dressed like Superman for a dunk in a Slam Dunk Contest?Dwight Howard
87%
Who was last season's MVP (2017-2018)?James Harden
85%
Which of these teams was real ?(It doesn't exist now)Baltimore Bullets
85%
Which team is called ''Rip City''?Portland Trail Blazers
80%
Where did the first All Star Game took place (1951)?Boston
33%
What is Gordon Hayward's favourite player in League Of Legends (LOL)?Tryndamere
26%
Which team's mascot is ''Clutch The Bear''Houston Rockets
24%

Score Distribution

Percentile by Number Answered

Percent of People with Each Score

Your Score History

You have not taken this quiz